• 首页
  • 本馆介绍
  • 公告通知
  • 最新文献
  • 馆藏检索
  • 电子资源
  • 读者导购
  • 参考咨询
  • 我的图书馆
  • 登录
  • 详细信息显示
  • 放入我的书架
  • 预约/预借图书
  • 作者相关作品
  • 分类相关作品
  • 丛书相关作品
  • 出版社相关作品

书目信息

  • 表格格式
  • 工作单格式
  • 卡片格式
题名:
工厂供电技术
    
 
作者: 陈小虎 主编
分册:  
出版信息: 北京   高等教育出版社  2001.12
页数: 305页
开本: 26cm
丛书名:
单 册:
中图分类: TM727.3
科图分类:
主题词: 输电技术 , 配电系统--技术
电子资源:
ISBN: 7-04-010175-0
000 00623nam0 2200217 45
001 0304100905
005 20030410090845.1
010    @a7-04-010175-0@d16.70元
100    @a20030410d2001 km y0chiy0120 ea
101 0  @achi
105    @a z 000yy
200 1  @a工厂供电技术@AGong Chang Gong Dian Ji Shu@f陈小虎主编@FChen Xiao Hu Zhu Bian
210    @a北京@c高等教育出版社@d2001.12
215    @a305页@d26cm
300    @a教育部高职高专规划教材
606 0  @a输电技术
606 0  @a配电系统@x技术
690    @aTM727.3@v3
701  0 @a陈小虎@4主编
801    @aCN@bPftUser@c20030410
905    @aBZT@b346556-558@dTM727.3@e1@f3
    
    工厂供电技术/陈小虎主编.-北京:高等教育出版社,2001.12
    305页;26cm
    教育部高职高专规划教材
    
    ISBN 7-04-010175-0:16.70元
    
●
相关链接 在五车中查询图书 在当当中查询图书 在豆瓣中查询图书


正题名:工厂供电技术     索取号:TM727.3/1         预约/预借

序号 登录号 条形码 馆藏地/架位号 状态 备注
1 346556   201357940   样本书库/样003架B面1层1列/ [索取号:TM727.3/1] 在馆    
2 346557   201357977   中心书库中库/ 中库029架A面3列4层19/ [索取号:TM727.3/1] 在馆    
3 346558   201357968   中心书库中库/ 中库029架A面3列4层18/ [索取号:TM727.3/1] 在馆    
山东省滨州职业学院图书馆 欢迎您!
大连网信软件有限公司© 版权所有